| Tag |
First Indicator |
Second Indicator |
Subfields |
| LEADER |
00000cam a2200000 4500 |
| 001 |
in00000036432 |
| 005 |
20151007060851.0 |
| 008 |
800626s1942 nyua 00010 eng |
| 010 |
|
|
|a 42017850
|
| 035 |
|
|
|a (OCoLC)06465058
|
| 035 |
|
|
|9 AAD0422AM
|
| 040 |
|
|
|a DLC
|c TXA
|d UtOrBLW
|
| 049 |
|
|
|a TXAM
|c [116259]
|
| 050 |
|
0 |
|a QP37
|b .B884
|
| 082 |
0 |
|
|a 372.8614
|
| 092 |
|
|
|a 613
|b B884f
|
| 100 |
1 |
|
|a Brownell, Clifford Lee,
|d 1895-
|
| 245 |
1 |
0 |
|a Fit and ready /
|c by Clifford Lee Brownell ... and Jesse Feiring Williams ... Illustrations by Mildred Lyon Hetherington.
|
| 264 |
|
1 |
|a New York,
|a Cincinnati [etc.] :
|b American book company,
|c [1942]
|
| 300 |
|
|
|a 243 pages :
|b illustrations (part color) ;
|c 21 cm.
|
| 336 |
|
|
|a text
|b txt
|2 rdacontent
|
| 337 |
|
|
|a unmediated
|b n
|2 rdamedia
|
| 338 |
|
|
|a volume
|b nc
|2 rdacarrier
|
| 490 |
1 |
|
|a Health of our nation ;
|v book 3
|
| 650 |
|
0 |
|a Hygiene
|v Juvenile literature.
|
| 700 |
1 |
|
|a Williams, Jesse Feiring,
|d 1886-
|
| 830 |
|
0 |
|a Health of our nation ;
|v book 3.
|
| 999 |
|
|
|a MARS
|
| 999 |
f |
f |
|s f9ddbe4e-09d4-36dd-a1fc-772e1c0b11e7
|i cadd7f70-c588-3160-bf6f-b5f94746cb2c
|t 0
|
| 952 |
f |
f |
|p ric
|a Texas A&M University
|b Rellis Campus
|c Joint Library Facility
|d Remote Storage
|t 0
|e QP37 .B884
|h Library of Congress classification
|i unmediated -- volume
|m A14801028082
|
| 998 |
f |
f |
|a QP37 .B884
|t 0
|l Remote Storage
|